00309nam a22001337a 4500003000400000008004100004020001800045082001500063100001700078245002700095250001100122260003400133300000800167OSt250905b |||||||| |||| 00| 0 eng d a9789353670115 a658.18 RAI aRAO, P Subba aInternational Business a5th Ed aNew DelhibHimalaya Pubc2024 a666